00411nam a22001097a 4500008004100000040005500041080001900096245008900115260007100204300001400275650001200289230601b |||||||| |||| 00| 0 eng d aNational Science LibrarycNational Science Library a620.9:338 bK3 aDemand for energy in Eastern India c/ National Council of Applied Economic Research aNew Delhi: bNational Council of Applied Economic Research, c1963 axi, 274p. aScience